| 000 | 00999cam a2200289 i 4500 | ||
|---|---|---|---|
| 999 |
_c200129813 _d24187 |
||
| 001 | 200129813 | ||
| 003 | TR-AnTOB | ||
| 005 | 20200402120517.0 | ||
| 007 | ta | ||
| 008 | 130613s2006 tu tur | ||
| 020 | _a16945034 | ||
| 040 |
_aTR-AnTOB _beng _erda _cTR-AnTOB |
||
| 041 | 0 | _atur | |
| 050 | 1 | 4 |
_aDR401 _b.U45 2006 |
| 090 |
_aDR401 _b.U45 2006 |
||
| 245 | 0 | 0 |
_aÜlkümüz : _bsempozyum bildirileri cilt 2 / _cİktisat ve Girişimcilik Üniversitesi Türk Dünyası Fakülteleri. |
| 264 | 1 |
_aİstanbul : _bİktisat ve Girişimcilik Üniversitesi Türk Dünyası Fakülteleri., _c2006. |
|
| 300 |
_avolumes : _billustrations, tables ; _c24 cm |
||
| 336 |
_2rdacontent _atext _btxt |
||
| 337 |
_2rdamedia _aunmediated _bn |
||
| 338 |
_2rdacarrier _avolume _bnc |
||
| 500 | _a"Yıl 3 Sayı 6 Aralık-2006" | ||
| 650 | 7 |
_aİslam _vSüreli yayınlar _2etuturkob _9127257 |
|
| 710 | 2 |
_aTürk Dünyası Kırgız-Türk Sosyal Bilimler Enstitüsü _9127256 |
|
| 942 |
_cBK _2lcc |
||